[Event "Ufa-ch FL"]
[Site "Ufa"]
[Date "2012.11.25"]
[Round "7"]
[White "Mustaev, Rafail"]
[Black "Sadrtdinov, Dinar"]
[Result "0-1"]
[WhiteElo "1754"]
[BlackElo "1626"]
[PlyCount "136"]
[EventDate "2012.11.19"]
[EventType "swiss"]
[EventRounds "9"]
[EventCountry "RUS"]
[SourceTitle "EXT 2023"]
[Source "ChessBase"]
[SourceDate "2022.10.05"]
[SourceVersion "1"]
[SourceVersionDate "2022.10.05"]
[SourceQuality "1"]

1. Nf3 Nf6 2. d4 e6 3. b3 b6 4. Bb2 Bb7 5. e3 Bb4+ 6. c3 Be7 7. Nbd2 d5 8. a3 Nbd7 9. Be2 0-0 10. Bd3 c5 11. 0-0 Qc7 12. Re1 Rfe8 13. e4 dxe4 14. Bxe4 Nxe4 15. Nxe4 Nf6 16. Ng3 Rad8 17. Qe2 Qf4 18. Rad1 Bxf3 19. gxf3 cxd4 20. cxd4 Rd7 21. Qe3 Nd5 22. Qe4 Red8 23. Ne2 Qg5+ 24. Kh1 Qh5 25. Rg1 Bd6 26. Rg2 Qh6 27. Bc1 Qh5 28. Rdg1 g6 29. b4 Nf6 30. Qe3 Nd5 31. Qb3 Qf5 32. Rg5 Qh3 33. R5g2 Rc8 34. Bd2 Rdc7 35. Rc1 Rxc1+ 36. Nxc1 Nf4 37. Bxf4 Bxf4 38. Ne2 Bd6 39. Qe3 Qf5 40. Qe4 Qxe4 41. fxe4 a5 42. bxa5 bxa5 43. e5 Bxa3 44. Rg3 Bb4 45. Rb3 Rc2 46. Nf4 Rc3 47. Rb1 Rf3 48. Ne2 Rxf2 49. Rb2 Rf3 50. Kg2 Rd3 51. Kf2 Rd2 52. Rb3 Rc2 53. Ke3 Rd2 54. h4 Kg7 55. Nf4 Rc2 56. Kd3 Rd2+ 57. Ke3 Rh2 58. h5 g5 59. Nd3 Rxh5 60. Rb1 Rh3+ 61. Ke4 Rh4+ 62. Ke3 Bc3 63. d5 exd5 64. Rb5 d4+ 65. Kf2 Rh3 66. Nc1 d3 67. Rd5 d2 68. Nb3 Rh1 0-1

[Event "Ufa-ch FL"]
[Site "Ufa"]
[Date "2012.11.24"]
[Round "6"]
[White "Sadrtdinov, Dinar"]
[Black "Konyukhov, Pavel"]
[Result "1-0"]
[WhiteElo "1626"]
[BlackElo "1933"]
[PlyCount "49"]
[EventDate "2012.11.19"]
[EventType "swiss"]
[EventRounds "9"]
[EventCountry "RUS"]
[SourceTitle "EXT 2023"]
[Source "ChessBase"]
[SourceDate "2022.10.05"]
[SourceVersion "1"]
[SourceVersionDate "2022.10.05"]
[SourceQuality "1"]

1. e4 c5 2. Nf3 d6 3. d4 cxd4 4. Nxd4 Nf6 5. Nc3 e6 6. Bg5 Nc6 7. Bb5 Bd7 8. f4 Qb6 9. Nxc6 bxc6 10. Bd3 Qxb2 11. Ne2 Ng4 12. Qc1 Qb6 13. Bh4 d5 14. h3 dxe4 15. Bxe4 Nf6 16. Bf3 Bc5 17. Qd2 Nd5 18. a3 Qb2 19. Qc1 Bxa3 20. Rxa3 Qxc1+ 21. Nxc1 Nxf4 22. Nd3 Nxd3+ 23. Rxd3 Rb8 24. Kf2 f6 25. Rhd1 1-0

[Event "Ufa-ch FL"]
[Site "Ufa"]
[Date "2012.11.19"]
[Round "1"]
[White "Zelenov, Aleksey"]
[Black "Sadrtdinov, Dinar"]
[Result "0-1"]
[WhiteElo "1669"]
[BlackElo "1626"]
[PlyCount "98"]
[EventDate "2012.11.19"]
[EventType "swiss"]
[EventRounds "9"]
[EventCountry "RUS"]
[SourceTitle "EXT 2023"]
[Source "ChessBase"]
[SourceDate "2022.10.05"]
[SourceVersion "1"]
[SourceVersionDate "2022.10.05"]
[SourceQuality "1"]

1. e4 e5 2. Nf3 Nc6 3. Be2 Bc5 4. Nxe5 Nxe5 5. d4 Bxd4 6. Qxd4 d6 7. Bf4 Qf6 8. Be3 Ne7 9. Nc3 N7c6 10. Qd2 a6 11. Nd5 Qd8 12. Bg5 f6 13. Be3 0-0 14. f3 Be6 15. g4 Ne7 16. Nf4 Bf7 17. h4 N7g6 18. Nd5 f5 19. h5 Nh4 20. Kf2 fxg4 21. Bg5 Nhxf3 22. Bxd8 Nxd2 23. Be7 Bxd5+ 24. Bxf8 Rxf8+ 25. Ke1 Nxe4 26. Rf1 Nf3+ 27. Bxf3 gxf3 28. b3 f2+ 29. Ke2 Ng3+ 30. Ke3 Nxf1+ 31. Rxf1 Bg2 32. Rxf2 Rxf2 33. Kxf2 Be4 34. c4 d5 35. Ke3 Kf7 36. Kd4 Ke6 37. c5 g5 38. hxg6 hxg6 39. b4 g5 40. a4 g4 41. a5 c6 42. b5 g3 43. bxa6 bxa6 44. Ke3 g2 45. Kf2 d4 46. Kg1 d3 47. Kf2 d2 48. Ke2 g1Q 49. Kxd2 Qg3 0-1

[Event "Ufa-ch U16"]
[Site "Ufa"]
[Date "2012.02.25"]
[Round "9"]
[White "Sadrtdinov, Dinar"]
[Black "Khuzin, Dinislam"]
[Result "1-0"]
[WhiteElo "1586"]
[BlackElo "1841"]
[PlyCount "101"]
[EventDate "2012.02.17"]
[EventType "swiss"]
[EventRounds "9"]
[EventCountry "RUS"]
[SourceTitle "EXT 2014"]
[Source "ChessBase"]
[SourceDate "2013.11.20"]
[SourceVersion "1"]
[SourceVersionDate "2013.11.20"]
[SourceQuality "1"]

1. e4 c6 2. d4 d5 3. exd5 cxd5 4. Nf3 Nf6 5. Bd3 g6 6. 0-0 Bg7 7. Nc3 0-0 8. Bf4 Nc6 9. Nb5 Nh5 10. Be3 a6 11. Na3 Qb6 12. c4 Qxb2 13. cxd5 Qxa3 14. dxc6 bxc6 15. Qc2 c5 16. Rab1 cxd4 17. Nxd4 Rd8 18. Be4 Bxd4 19. Rfd1 Ra7 20. Bxd4 Rad7 21. Rb8 Rxd4 22. Rxd4 Rxd4 23. Qxc8+ Kg7 24. Bf3 Qd6 25. g4 Rd1+ 26. Bxd1 Qxd1+ 27. Kg2 Nf4+ 28. Kg3 Ne2+ 29. Kh4 g5+ 30. Kh5 Nf4+ 31. Kxg5 Ne6+ 32. Kh4 Qd2 33. Qg8+ Kh6 34. Qxf7 Qg5+ 35. Kh3 Nf4+ 36. Kg3 Ne2+ 37. Kf3 Nd4+ 38. Ke4 Qxg4+ 39. Qf4+ Qxf4+ 40. Kxf4 Ne2+ 41. Ke3 Nc3 42. Rb6+ Kg7 43. Rxa6 Nd5+ 44. Kd4 Nb4 45. Ra4 Nc6+ 46. Kc5 Nd8 47. Re4 Kf6 48. Kb6 Nf7 49. Rf4+ Kg6 50. Rxf7 Kxf7 51. a4 1-0

[Event "Ufa-ch U16"]
[Site "Ufa"]
[Date "2012.02.21"]
[Round "5"]
[White "Zhuravlev, Andrey"]
[Black "Sadrtdinov, Dinar"]
[Result "0-1"]
[WhiteElo "1672"]
[BlackElo "1586"]
[PlyCount "84"]
[EventDate "2012.02.17"]
[EventType "swiss"]
[EventRounds "9"]
[EventCountry "RUS"]
[SourceTitle "EXT 2014"]
[Source "ChessBase"]
[SourceDate "2013.11.20"]
[SourceVersion "1"]
[SourceVersionDate "2013.11.20"]
[SourceQuality "1"]

1. e4 e5 2. Nf3 Nc6 3. Bc4 Bc5 4. c3 Nf6 5. d4 exd4 6. cxd4 Bb4+ 7. Nc3 0-0 8. e5 Ne4 9. Qc2 d5 10. Bd3 Bg4 11. Bxe4 dxe4 12. Qxe4 Bxf3 13. gxf3 Qxd4 14. Bd2 Qxe5 15. 0-0-0 Qxe4 16. fxe4 Rfe8 17. Rhg1 g6 18. Nd5 Bxd2+ 19. Rxd2 Red8 20. Nxc7 Rxd2 21. Kxd2 Rd8+ 22. Ke3 Nb4 23. a3 Nc2+ 24. Ke2 Nd4+ 25. Ke3 Nc2+ 26. Ke2 Nd4+ 27. Ke3 f5 28. Nd5 Nc2+ 29. Kf4 fxe4 30. Nf6+ Kg7 31. Nxe4 Nd4 32. Ng3 Rf8+ 33. Ke4 Nf3 34. Nh5+ Kh6 35. Rg3 Nd2+ 36. Kd3 Rxf2 37. Nf6 Rxf6 38. Kxd2 Rf2+ 39. Kc3 Rxh2 40. Rf3 Kg7 41. Rd3 Rf2 42. Rd7+ Rf7 0-1

[Event "Ufa-ch U16"]
[Site "Ufa"]
[Date "2012.02.20"]
[Round "4"]
[White "Grigorieva, Yulia"]
[Black "Sadrtdinov, Dinar"]
[Result "1/2-1/2"]
[WhiteElo "1783"]
[BlackElo "1586"]
[PlyCount "139"]
[EventDate "2012.02.17"]
[EventType "swiss"]
[EventRounds "9"]
[EventCountry "RUS"]
[SourceTitle "EXT 2014"]
[Source "ChessBase"]
[SourceDate "2013.11.20"]
[SourceVersion "1"]
[SourceVersionDate "2013.11.20"]
[SourceQuality "1"]

1. d4 Nf6 2. c4 e6 3. Nc3 Bb4 4. Qc2 c5 5. Nf3 Nc6 6. dxc5 Bxc5 7. Bg5 h6 8. Bh4 b6 9. e3 Bb7 10. a3 Be7 11. Bd3 Qc7 12. Nb5 Qd8 13. Bg3 d6 14. Rd1 a6 15. Nc3 Nh5 16. 0-0 Nxg3 17. fxg3 Qc7 18. Nd5 exd5 19. cxd5 0-0 20. dxc6 Qxc6 21. Qxc6 Bxc6 22. Nd4 Bd7 23. Rc1 Bg5 24. Rfe1 Rfe8 25. Kf2 Bf6 26. Rc7 Ba4 27. Bc4 Re7 28. Rxe7 Bxe7 29. Nf5 Bf8 30. b3 Bd7 31. Nd4 b5 32. Bd5 Ra7 33. Rc1 g6 34. h3 Bg7 35. Nc6 Bxc6 36. Rxc6 Be5 37. Rc8+ Kg7 38. Kf3 Bb2 39. a4 bxa4 40. bxa4 a5 41. Rc6 Be5 42. g4 Kf6 43. Ke4 Ke7 44. Kd3 Kd7 45. Rc2 f6 46. Bf7 g5 47. Bd5 Rc7 48. Rc4 Rxc4 49. Kxc4 Kc7 50. Kb5 Bc3 51. Kc4 Be5 52. Kd3 Kb6 53. Kc4 Bg3 54. Kd4 Be5+ 55. Ke4 Kc5 56. Be6 Kb4 57. Bd7 Kc3 58. Kf5 Kd3 59. Kg6 Kxe3 60. Bc6 Kd4 61. Kf5 d5 62. Ke6 Ke4 63. Bxd5+ Kf4 64. Bc6 Kg3 65. Kf5 Kh4 66. Kg6 Kg3 67. Kxh6 Kf4 68. Kh5 Kg3 69. Bf3 Bd4 70. Kg6 1/2-1/2